书目信息 |
| 题名: |
爱因斯坦文集
|
|
| 作者: | 爱因斯坦 著 ;范岱年 编译 | |
| 分册: | 第二卷 | |
| 出版信息: | 北京 商务印书馆 1977 |
|
| 页数: | 584页 | |
| 开本: | 20cm | |
| 丛书名: | ||
| 单 册: | ||
| 中图分类: | N52 | |
| 科图分类: | ||
| 主题词: | 自然哲学--文集 , 爱因斯坦--自然哲学--文学 | |
| 电子资源: | ||
| ISBN: | ||
| 000 | 00677nam0 2200241 45 | |
| 001 | 0177000926 | |
| 005 | 20060909152830.95 | |
| 010 | @b精装@dCNY2.20 | |
| 100 | @a19951012d1977 em y0chiy0121 ea | |
| 101 | 1 | @achi@cger |
| 102 | @aCN@b110000 | |
| 105 | @ay z 000yy | |
| 200 | 10 | @a爱因斯坦文集@Aai yin si tan wen ji@h第二卷@f(德)爱因斯坦著@g范岱年等编译 |
| 210 | @a北京@c商务印书馆@d1977 | |
| 215 | @a584页@d20cm | |
| 606 | @a自然哲学@x文集 | |
| 606 | @a爱因斯坦@x自然哲学@x文学 | |
| 690 | @aN52@v3 | |
| 701 | 1 | @a爱因斯坦@Aai yin si tan@4著 |
| 702 | 0 | @a范岱年@Afan dai nian@4编译 |
| 801 | 2 | @aCN@bNLC@c20060909 |
| 801 | 0 | @aCN@bTSSF |
| 905 | @a10447@dN52@e168:2 | |
| 爱因斯坦文集.第二卷/(德)爱因斯坦著/范岱年等编译.-北京:商务印书馆,1977 |
| 584页;20cm |
| ISBN (精装):CNY2.20 |
| ● |
| 相关链接 |
|
|
|
|
正题名:爱因斯坦文集
索取号:N52/168:2
 
预约/预借
| 序号 | 登录号 | 条形码 | 馆藏地/架位号 | 状态 | 备注 |
| 1 | 0470487 | 204704873 | 密集书库/ [索取号:N52/168:2] | 在馆 |